<?xml version="1.0" encoding="UTF-8"?>
<marc:record xmlns:marc="http://www.loc.gov/MARC21/slim">
   <marc:leader>00000nam a2200000 a 4500</marc:leader>
   <marc:datafield ind1="1" ind2=" " tag="100">
      <marc:subfield code="a">Martus, Steffen</marc:subfield>
      <marc:subfield code="4">aut</marc:subfield>
      <marc:subfield code="e">Verfasser/-in</marc:subfield>
   </marc:datafield>
   <marc:datafield ind1=" " ind2=" " tag="653">
      <marc:subfield code="a">Grimm</marc:subfield>
   </marc:datafield>
   <marc:datafield ind1=" " ind2=" " tag="653">
      <marc:subfield code="a">Wilhelm</marc:subfield>
   </marc:datafield>
   <marc:datafield ind1=" " ind2=" " tag="653">
      <marc:subfield code="a">Jacob</marc:subfield>
   </marc:datafield>
   <marc:datafield ind1=" " ind2=" " tag="653">
      <marc:subfield code="a">Softcover / Sachbücher/Kunst</marc:subfield>
   </marc:datafield>
   <marc:datafield ind1=" " ind2=" " tag="653">
      <marc:subfield code="a">Literatur/Biographien</marc:subfield>
   </marc:datafield>
   <marc:datafield ind1=" " ind2=" " tag="653">
      <marc:subfield code="a">Autobiographien</marc:subfield>
   </marc:datafield>
   <marc:datafield ind1=" " ind2=" " tag="653">
      <marc:subfield code="a">Biografie</marc:subfield>
   </marc:datafield>
   <marc:datafield ind1=" " ind2=" " tag="653">
      <marc:subfield code="a">Biographie</marc:subfield>
   </marc:datafield>
   <marc:datafield ind1="0" ind2="0" tag="245">
      <marc:subfield code="a">Die Brüder Grimm</marc:subfield>
   </marc:datafield>
   <marc:datafield ind1="0" ind2="0" tag="245">
      <marc:subfield code="b">eine Biographie</marc:subfield>
   </marc:datafield>
   <marc:datafield ind1="0" ind2="0" tag="245">
      <marc:subfield code="c">Steffen Martus</marc:subfield>
   </marc:datafield>
   <marc:datafield ind1=" " ind2="1" tag="264">
      <marc:subfield code="a">Berlin</marc:subfield>
      <marc:subfield code="b">Rowohlt</marc:subfield>
      <marc:subfield code="c">2009</marc:subfield>
   </marc:datafield>
   <marc:datafield ind1=" " ind2=" " tag="250">
      <marc:subfield code="a">1. Aufl.</marc:subfield>
   </marc:datafield>
   <marc:datafield ind1="1" ind2=" " tag="520">
      <marc:subfield code="a">Angaben aus der Verlagsmeldung

Die Brüder Grimm : Eine Biographie / von Steffen Martus

Ihre Sammlung der Kinder- und Hausmärchen ist das weltweit meistgelesene deutsche Buch, als Gelehrte haben sie das Wissen über unsere Sprache und Geschichte revolutioniert und wie niemand vor ihnen haben sie «Brüderlichkeit» als Lebensform begriffen: Seit ihrer Kindheit lebten Jacob und Wilhelm Grimm meist unter einem Dach und arbeiteten gemeinsam. Ihre Berliner Wohnung war eines der kulturellen Zentren Preußens. Der weit gereiste Diplomat Jacob, der 1814/15 am Wiener Kongress teilnahm und 1848 Mitglied der Frankfurter Nationalversammlung wurde, und der Familienvater Wilhelm, geselliger Erzähler und Freund der Dichter &#x96; es waren höchst ungleiche Brüder, die leidenschaftlich und rücksichtslos die Vergangenheit von Literatur, Recht und Religion erkundeten, um ihre Gegenwart zu verstehen. In der zerbrechenden alteuropäischen Welt suchten sie nach den kulturellen Fundamenten der Moderne. Die Impulse, die von ihnen ausgingen, sind bis heute wirksam. Steffen Martus lässt die Biographie der Brüder Grimm lebendig werden und zeichnet so, wie nebenbei, ein packendes Geschichtspanorama und das faszinierende Porträt einer Epoche.
</marc:subfield>
   </marc:datafield>
   <marc:datafield ind1=" " ind2=" " tag="020">
      <marc:subfield code="a">9783871345685</marc:subfield>
      <marc:subfield code="9">9783871345685</marc:subfield>
   </marc:datafield>
   <marc:datafield ind1=" " ind2=" " tag="041">
      <marc:subfield code="a">ger</marc:subfield>
   </marc:datafield>
   <marc:datafield ind1=" " ind2=" " tag="300">
      <marc:subfield code="a">606 S.</marc:subfield>
   </marc:datafield>
</marc:record>
